[Event "Hull 4NCL GM Congress 2019"]
[Site "Hull"]
[Date "2019.11.01"]
[Round "4.3"]
[White "Harvey, Marcus R"]
[Black "Greet, Andrew N"]
[Result "1-0"]
[WhiteElo "2405"]
[BlackElo "2414"]
[Annotator "NA"]
[PlyCount "167"]
[EventDate "2019.10.30"]
[EventType "tourn"]
[EventCountry "ENG"]
[SourceTitle "playchess.com"]
[Source "ChessBase"]
[SourceQuality "1"]
[TimeControl "5400+30"]

1. e4 {[%emt 0:01:03]} e6 {[%emt 0:00:00]} 2. d4 {[%emt 0:00:05]} d5 {[%emt 0:00:00]} 3. Nd2 {[%emt 0:00:05]} c5 {[%emt 0:00:16]} 4. Ngf3 {[%emt 0:00:03]} cxd4 {[%emt 0:00:58]} 5. Nxd4 {[%emt 0:00:24]} Nc6 {[%emt 0:00:19]} 6. Bb5 {[%emt 0:00:03]} Bd7 {[%emt 0:00:06]} 7. Nxc6 {[%emt 0:00:04]} bxc6 {[%emt 0:00:07]} 8. Bd3 {[%emt 0:00:02]} Bd6 {[%emt 0:00:23] C07: French Tarrasch: 3...c5, 4 Ngf3 and 4 exd5 Qxd5} (8... Qc7 9. Qe2 Ne7 10. Nf3 Ng6 11. e5 c5 12. c4 dxc4 13. Bxc4 Be7 14. h4 Bc6 15. h5 Nf8 16. h6 g6 {1-0 (33) Navara,D (2734)-Vitiugov,N (2727) Riga 2019}) 9. Qe2 {[%emt 0:00:05]} Ne7 {[%emt 0:00:30]} 10. Nf3 {[%emt 0:00:04]} Ng6 {[%emt 0:03:05]} 11. e5 {[%emt 0:00:14]} Bc7 {[%emt 0:01:06]} 12. O-O {[%emt 0:00:19]} f6 {[%emt 0:13:27]} 13. Bxg6+ {[%emt 0:05:57]} hxg6 {[%emt 0:00:07]} 14. Re1 {[%emt 0:00:03]} Kf7 $146 {[%emt 0:05:34]} ({Predecessor:} 14... Rb8 15. c4 Rh5 16. Bf4 {½-½ (54) Melamed,T (2318)-Giemsa,S (2261) Berlin 2016}) 15. b3 {[%emt 0:06:01]} Rh5 {[%emt 0:01:43]} (15... g5 $5 {[%cal Rg5g4]} 16. h3 Qg8 $11) 16. Bb2 {[%emt 0:04:36]} Qh8 {[%emt 0:02:14]} 17. Qa6 {[%emt 0:02:53]} g5 {[%emt 0:06:34]} 18. Qb7 {[%emt 0:00:36]} (18. g4 $1 $11 Rh6 19. Bd4) 18... Qb8 {[%emt 0:00:27]} 19. Qxb8 {[%emt 0:00:07]} Rxb8 {[%emt 0:00:05]} 20. h3 $17 {[%emt 0:17:47]} c5 {[%emt 0:08:34]} 21. Ba3 {[%emt 0:00:45]} Bb6 {[%emt 0:00:30]} 22. c4 {[%emt 0:00:33]} dxc4 {[%emt 0:26:19]} 23. bxc4 {[%emt 0:00:53]} Bc6 {[%emt 0:00:20]} 24. Nd2 {[%emt 0:02:23]} Rh4 {[%emt 0:01:53]} 25. Nb3 {[%emt 0:07:39]} g4 {[%emt 0:03:09]} 26. Re3 {[%emt 0:00:56]} gxh3 {[%emt 0:02:25]} 27. Rxh3 {[%emt 0:01:28]} Rxh3 {[%emt 0:00:36]} 28. gxh3 {[%emt 0:00:06]} Rh8 {[%emt 0:00:10]} 29. Kf1 {[%emt 0:08:53]} Rxh3 {[%emt 0:02:26]} 30. Ke2 {[%emt 0:00:29]} Rh5 {[%emt 0:02:01]} 31. exf6 {[%emt 0:00:32]} gxf6 {[%emt 0:00:07]} 32. Rd1 {[%emt 0:01:06]} Re5+ {[%emt 0:00:28]} 33. Kd2 {[%emt 0:00:50]} Rf5 {[%emt 0:01:36]} 34. Ke3 {[%emt 0:01:43]} Re5+ {[%emt 0:01:46]} 35. Kd2 {[%emt 0:02:07]} Ke7 {[%emt 0:04:08]} 36. Rg1 {[%emt 0:02:55]} Kd6 {[%emt 0:01:31]} 37. Rg3 {[%emt 0:00:09]} Rf5 {[%emt 0:02:03]} 38. Rd3+ {[%emt 0:00:30]} Kc7 {[%emt 0:00:17]} 39. Ke2 {[%emt 0:00:16]} Be8 {[%emt 0:01:22]} 40. Re3 {[%emt 0:00:52]} Bh5+ {[%emt 0:01:35]} 41. Ke1 {[%emt 0:00:41]} Bf7 {[%emt 0:00:26]} 42. Rg3 {[%emt 0:00:18]} Kc6 {[%emt 0:00:09]} 43. Rg7 {[%emt 0:00:33]} Bh5 {[%emt 0:00:25]} 44. Bc1 {[%emt 0:01:05]} Bf3 {[%emt 0:02:26]} 45. Be3 {[%emt 0:00:21]} Rh5 {[%emt 0:00:29]} 46. Rg6 {[%emt 0:02:12]} Rf5 {[%emt 0:02:26]} 47. Kd2 {[%emt 0:04:56]} Be4 {[%emt 0:00:24]} 48. Rg4 {[%emt 0:01:15]} Bb1 {[%emt 0:00:20]} 49. Kc3 {[%emt 0:01:01]} Bxa2 {[%emt 0:03:13]} 50. Nc1 {[%emt 0:00:19]} Ba5+ {[%emt 0:01:30]} 51. Kb2 {[%emt 0:00:11]} Bxc4 {[%emt 0:01:25]} 52. Rxc4 {[%emt 0:00:05]} Bb4 {[%emt 0:00:38]} 53. Kb3 {[%emt 0:02:10]} a5 {[%emt 0:00:37]} 54. Ne2 {[%emt 0:01:01]} e5 {[%emt 0:01:02]} 55. Ng3 {[%emt 0:01:24]} Rf3 {[%emt 0:00:06]} 56. Ne4 {[%emt 0:01:07]} Kd5 {[%emt 0:01:12]} 57. Nc3+ {[%emt 0:01:29]} Kd6 {[%emt 0:00:52]} 58. Rh4 {[%emt 0:01:24]} f5 {[%emt 0:00:19]} 59. Rh6+ {[%emt 0:00:12]} Kd7 {[%emt 0:00:07]} 60. Ne2 {[%emt 0:00:33]} f4 {[%emt 0:01:05]} 61. Ng1 {[%emt 0:00:26]} fxe3 {[%emt 0:00:17]} 62. Nxf3 {[%emt 0:00:06]} e2 {[%emt 0:00:12]} 63. Nxe5+ {[%emt 0:01:28]} Ke7 {[%emt 0:00:11]} 64. Nf3 {[%emt 0:00:17]} e1=Q {[%emt 0:00:08]} 65. Nxe1 {[%emt 0:00:04]} Bxe1 {[%emt 0:00:04]} 66. f3 {[%emt 0:00:11]} Bd2 {[%emt 0:00:39]} 67. Rc6 {[%emt 0:00:27]} Bb4 {[%emt 0:00:06]} 68. Ra6 {[%emt 0:00:18]} Kf7 {[%emt 0:00:20]} 69. Kc4 {[%emt 0:00:07]} Ke7 {[%emt 0:00:21]} 70. Kd5 {[%emt 0:00:13]} Kf7 {[%emt 0:00:10]} 71. Kc4 {[%emt 0:02:33]} Ke7 {[%emt 0:00:14]} 72. Kb3 {[%emt 0:00:03]} Kf7 {[%emt 0:00:10]} 73. Rc6 {[%emt 0:00:04]} Ke7 {[%emt 0:00:08]} 74. Rb6 {[%emt 0:00:05]} Kf7 {[%emt 0:00:08]} 75. Ra6 {[%emt 0:00:05]} Ke7 {[%emt 0:00:05]} 76. Kc4 {[%emt 0:00:04]} Kf7 {[%emt 0:00:05]} 77. Kd5 {[%emt 0:00:03]} Ke7 {[%emt 0:02:07]} 78. f4 {[%emt 0:00:13]} Kf7 {[%emt 0:00:13]} 79. f5 {[%emt 0:00:13]} Kg7 {[%emt 0:03:07]} 80. f6+ {[%emt 0:01:00]} Kg6 {[%emt 0:00:05]} 81. Ke6 {[%emt 0:00:03]} c4 {[%emt 0:00:04]} 82. f7 {[%emt 0:00:04]} c3 {[%emt 0:00:15]} 83. Rc6 {[%emt 0:00:05]} Kg5 {[%emt 0:01:01]} 84. Rxc3 {[%emt 0:00:13]} 1-0

[Event "Hull 4NCL GM Congress 2019"]
[Site "Hull"]
[Date "2019.11.01"]
[Round "4.4"]
[White "Turner, Matthew J"]
[Black "Palliser, Richard J D"]
[Result "1-0"]
[WhiteElo "2519"]
[BlackElo "2413"]
[Annotator "ChessBase"]
[PlyCount "49"]
[EventDate "2019.10.30"]
[EventType "tourn"]
[EventCountry "ENG"]
[SourceTitle "playchess.com"]
[Source "ChessBase"]
[SourceQuality "1"]
[TimeControl "5400+30"]

1. d4 {[%emt 0:00:00]} Nf6 {[%emt 0:00:08]} 2. Nc3 {[%emt 0:00:03]} d5 {[%emt 0:00:05]} 3. Bf4 {[%emt 0:00:18]} e6 {[%emt 0:00:25]} 4. e3 {[%emt 0:00:17]} Bb4 {[%emt 1:31:22]} 5. Nge2 {[%emt 1:31:52]} O-O {[%emt 0:00:00]} 6. a3 {[%emt 0:00:00]} Bd6 {[%emt 0:00:00]} 7. g3 {[%emt 0:00:00]} b6 {[%emt 0:00:00]} 8. Bg2 {[%emt 0:00:00]} Bb7 {[%emt 0:00:00]} 9. O-O {[%emt 0:00:00]} Be7 {[%emt 0:00:00]} 10. h3 {[%emt 0:00:00]} Nh5 {[%emt 0:00:00]} 11. e4 {[%emt 0:00:00]} Nxf4 {[%emt 0:00:00]} 12. Nxf4 {[%emt 0:00:00]} dxe4 {[%emt 0:00:00]} 13. Nxe4 {[%emt 0:00:00]} Nd7 {[%emt 0:00:00]} 14. Re1 {[%emt 0:00:00]} Rb8 {[%emt 0:00:00]} 15. c3 {[%emt 0:00:00]} Re8 {[%emt 0:00:00]} 16. Qe2 {[%emt 0:00:00]} c5 {[%emt 0:00:00]} 17. Rad1 {[%emt 0:00:00]} cxd4 {[%emt 0:00:00]} 18. cxd4 {[%emt 0:00:00]} Bf8 {[%emt 0:00:00]} 19. Qb5 {[%emt 0:00:00]} a6 {[%emt 0:00:00]} 20. Qb3 {[%emt 0:00:00]} b5 {[%emt 0:00:00]} 21. h4 {[%emt 0:00:00]} Qa5 {[%emt 0:00:00]} 22. Ng5 {[%emt 0:00:00]} Bxg2 {[%emt 0:00:00]} 23. Kxg2 {[%emt 0:00:00]} b4 {[%emt 0:00:00]} 24. d5 {[%emt 0:00:00]} bxa3 {[%emt 0:00:00]} 25. Qc2 {[%emt 0:00:00]} 1-0

[Event "Hull 4NCL GM Congress 2019"]
[Site "Hull"]
[Date "2019.11.01"]
[Round "4.5"]
[White "Plat, Vojtech"]
[Black "Roberson, Peter T"]
[Result "1-0"]
[WhiteElo "2573"]
[BlackElo "2437"]
[Annotator "ChessBase"]
[PlyCount "185"]
[EventDate "2019.10.30"]
[EventType "tourn"]
[EventCountry "ENG"]
[SourceTitle "playchess.com"]
[Source "ChessBase"]
[SourceQuality "1"]
[TimeControl "5400+30"]

1. d4 {[%emt 0:00:08]} Nf6 {[%emt 0:00:00]} 2. c4 {[%emt 0:00:04]} e6 {[%emt 0:00:00]} 3. Nc3 {[%emt 0:00:07]} Bb4 {[%emt 0:00:00]} 4. Qc2 {[%emt 0:00:06]} O-O {[%emt 0:00:00]} 5. Nf3 {[%emt 0:00:18]} c5 {[%emt 0:02:25]} 6. e3 {[%emt 0:04:28]} d5 {[%emt 0:08:11]} 7. dxc5 {[%emt 0:02:23]} Bxc5 {[%emt 0:03:23]} 8. Bd3 {[%emt 0:00:07]} dxc4 {[%emt 0:04:51]} 9. Bxc4 {[%emt 0:00:05]} b6 {[%emt 0:00:34]} 10. O-O {[%emt 0:00:26]} Bb7 {[%emt 0:00:10]} 11. Qe2 {[%emt 0:01:31]} Nbd7 {[%emt 0:01:33]} 12. Ba6 {[%emt 0:06:19]} Bxa6 {[%emt 0:10:09]} 13. Qxa6 {[%emt 0:00:06]} Bb4 {[%emt 0:08:45]} 14. Bd2 {[%emt 0:04:51]} Qc8 {[%emt 0:06:36]} 15. Qa4 {[%emt 0:01:35]} Be7 {[%emt 0:50:53]} 16. Rac1 {[%emt 0:06:09]} Qb7 {[%emt 0:00:00]} 17. Nd4 {[%emt 0:05:01]} Rac8 {[%emt 0:00:00]} 18. b4 {[%emt 0:01:53]} Rfd8 {[%emt 0:00:00]} 19. Rfd1 {[%emt 0:02:19]} Ne5 {[%emt 0:00:00]} 20. Be1 {[%emt 0:00:06]} a6 {[%emt 0:00:00]} 21. b5 {[%emt 0:03:45]} axb5 {[%emt 0:00:00]} 22. Qxb5 {[%emt 0:01:19]} Nc6 {[%emt 0:00:00]} 23. Nb3 {[%emt 0:07:58]} Rxd1 {[%emt 0:00:00]} 24. Rxd1 {[%emt 0:00:11]} Rd8 {[%emt 0:00:00]} 25. Rb1 {[%emt 0:03:12]} Na7 {[%emt 0:00:00]} 26. Qe2 {[%emt 0:00:07]} Nd5 {[%emt 0:00:00]} 27. h3 {[%emt 0:07:19]} h6 {[%emt 0:00:47]} 28. f3 {[%emt 0:13:00]} Nxc3 {[%emt 0:02:55]} 29. Bxc3 {[%emt 0:00:02]} Qd5 {[%emt 0:00:09]} 30. Qb2 {[%emt 0:04:30]} Bf8 {[%emt 0:01:21]} 31. Bd4 {[%emt 0:01:03]} Nc8 {[%emt 0:00:16]} 32. Rc1 {[%emt 0:01:53]} b5 {[%emt 0:01:53]} 33. e4 {[%emt 0:01:17]} Qa8 {[%emt 0:00:25]} 34. Nc5 {[%emt 0:03:01]} Nd6 {[%emt 0:00:24]} 35. Bf2 {[%emt 0:00:07]} Nb7 {[%emt 0:01:10]} 36. Nxb7 {[%emt 0:02:05]} Qxb7 {[%emt 0:00:02]} 37. Rb1 {[%emt 0:03:32]} Qa6 {[%emt 0:00:57]} 38. Qe2 {[%emt 0:00:07]} Rb8 {[%emt 0:00:38]} 39. Bg3 {[%emt 0:01:09]} Rb7 {[%emt 0:00:20]} 40. Kh2 {[%emt 0:00:40]} Bd6 {[%emt 0:00:25]} 41. f4 {[%emt 0:00:06]} Qa4 {[%emt 0:00:39]} 42. Rd1 {[%emt 0:00:49]} Be7 {[%emt 0:00:20]} 43. f5 {[%emt 0:00:46]} Qc4 {[%emt 0:00:33]} 44. Qf3 {[%emt 0:00:07]} Ra7 {[%emt 0:00:41]} 45. fxe6 {[%emt 0:05:21]} Qxe6 {[%emt 0:00:11]} 46. Rd5 {[%emt 0:00:09]} Rxa2 {[%emt 0:00:46]} 47. Rxb5 {[%emt 0:00:46]} Ra8 {[%emt 0:00:22]} 48. Bf4 {[%emt 0:01:36]} Re8 {[%emt 0:00:29]} 49. Re5 {[%emt 0:00:32]} Qd7 {[%emt 0:00:26]} 50. Qg3 {[%emt 0:00:26]} Bf8 {[%emt 0:00:23]} 51. Rd5 {[%emt 0:01:40]} Qc6 {[%emt 0:00:25]} 52. Qd3 {[%emt 0:02:35]} Qg6 {[%emt 0:00:36]} 53. Rd4 {[%emt 0:00:11]} Qe6 {[%emt 0:00:39]} 54. Rc4 {[%emt 0:01:50]} Rc8 {[%emt 0:00:26]} 55. Ra4 {[%emt 0:00:43]} Re8 {[%emt 0:00:45]} 56. e5 {[%emt 0:01:05]} g6 {[%emt 0:01:07]} 57. Ra6 {[%emt 0:00:20]} Qf5 {[%emt 0:00:00]} 58. Qxf5 {[%emt 0:00:02]} gxf5 {[%emt 0:00:00]} 59. Rf6 {[%emt 0:00:04]} Bg7 {[%emt 0:00:52]} 60. Rxf5 {[%emt 0:00:06]} Ra8 {[%emt 0:00:32]} 61. Kg3 {[%emt 0:06:57]} Ra2 {[%emt 0:00:23]} 62. Kf3 {[%emt 0:00:00]} Ra3+ {[%emt 0:00:34]} 63. Kg4 {[%emt 0:00:00]} Ra2 {[%emt 0:00:03]} 64. g3 {[%emt 0:00:00]} Ra4 {[%emt 0:00:41]} 65. Kh5 {[%emt 0:00:00]} Ra6 {[%emt 0:00:48]} 66. g4 {[%emt 0:00:00]} Re6 {[%emt 0:00:29]} 67. Kh4 {[%emt 0:00:00]} Rc6 {[%emt 0:00:29]} 68. Kg3 {[%emt 0:00:18]} Rc3+ {[%emt 0:00:14]} 69. Kg2 {[%emt 0:00:03]} Rb3 {[%emt 0:00:29]} 70. Rh5 {[%emt 0:01:11]} Kh7 {[%emt 0:00:36]} 71. h4 {[%emt 0:01:48]} Kg6 {[%emt 0:00:40]} 72. Rf5 {[%emt 0:02:10]} Rb7 {[%emt 0:00:33]} 73. Kf3 {[%emt 0:00:00]} Re7 {[%emt 0:00:29]} 74. Bg3 {[%emt 0:00:00]} Rb7 {[%emt 0:00:10]} 75. Bf2 {[%emt 0:00:00]} Rb3+ {[%emt 0:00:28]} 76. Be3 {[%emt 0:00:00]} Bf8 {[%emt 0:00:22]} 77. e6 {[%emt 0:00:31]} f6 {[%emt 0:00:17]} 78. h5+ {[%emt 0:00:21]} Kg7 {[%emt 0:00:04]} 79. Rd5 {[%emt 0:00:05]} Be7 {[%emt 0:00:58]} 80. Rd7 {[%emt 0:00:42]} Kf8 {[%emt 0:00:01]} 81. Ke4 {[%emt 0:00:08]} Rb4+ {[%emt 0:00:50]} 82. Rd4 {[%emt 0:00:15]} Rb6 {[%emt 0:00:54]} 83. Bxh6+ {[%emt 0:00:06]} Ke8 {[%emt 0:00:41]} 84. Kf5 {[%emt 0:00:05]} Rb5+ {[%emt 0:00:07]} 85. Kg6 {[%emt 0:00:09]} Re5 {[%emt 0:00:03]} 86. Ra4 {[%emt 0:01:07]} Rxe6 {[%emt 0:00:07]} 87. Bg7 {[%emt 0:00:36]} f5+ {[%emt 0:00:51]} 88. Kxf5 {[%emt 0:00:02]} Kf7 {[%emt 0:00:04]} 89. Be5 {[%emt 0:01:37]} Rc6 {[%emt 0:00:13]} 90. Ra7 {[%emt 0:00:04]} Rc1 {[%emt 0:00:58]} 91. Bd6 {[%emt 0:00:22]} Rf1+ {[%emt 0:00:20]} 92. Ke4 {[%emt 0:00:02]} Re1+ {[%emt 0:00:12]} 93. Kf3 {[%emt 0:00:02]} 1-0

[Event "Hull 4NCL GM Congress 2019"]
[Site "Hull"]
[Date "2019.11.01"]
[Round "5.1"]
[White "Roberson, Peter T"]
[Black "Merry, Alan B"]
[Result "1-0"]
[WhiteElo "2437"]
[BlackElo "2426"]
[Annotator "TA"]
[PlyCount "87"]
[EventDate "2019.10.30"]
[EventType "tourn"]
[EventCountry "ENG"]
[SourceTitle "playchess.com"]
[Source "ChessBase"]
[SourceQuality "1"]

{[%evp 14,87,0,0,0,0,0,0,31,0,10,7,23,0,41,-18,0,0,0,0,0,0,0,7,65,75,77,81,83,69,75,74,92,19,21,-37,-43,-38,-50,-132,-127,-160,-123,-130,0,0,0,0,0,0,19,16,68,68,62,8,291,290,282,285,271,264,586,583,783,778,805,769,5746,6093,6191,5462,29971,29975,29970,12732]} 1. e4 e6 2. d4 d5 3. e5 c5 4. c3 Qb6 5. Nf3 Nc6 6. Be2 cxd4 7. cxd4 Nh6 8. Bxh6 Qxb2 {C02: French: Advance Variation} 9. Nbd2 {[%cal Bb1d2,Bd2f1,Bf1g3,Bg3h5][%mdl 32] Be3 is the strong threat.} (9. Nc3 Qxc3+ 10. Bd2 Qa3 11. O-O a6 12. Qc2 h6 13. Rab1 Qe7 14. Rb6 Qc7 15. Rfb1 Be7 16. Bd1 {1-0 (51) Durarbayli,V (2618)-Jumabayev,R (2621) Saint Louis 2018}) 9... gxh6 10. O-O Bg7 {The position is equal.} 11. Rb1 $146 {[%mdl 1024] White has compensation.} ({Predecessor:} 11. Nb3 b6 12. a3 Na5 13. Nxa5 bxa5 14. Rb1 Qxa3 15. Bb5+ Ke7 16. Qc2 Rd8 17. Rb3 {1-0 (17) Lednicky,M (2255)-Kubik,M (2157) Czechia 2014}) 11... Qa3 12. Re1 O-O 13. Nf1 f6 14. Bd3 (14. exf6 $14 Bxf6 15. Qd2) 14... fxe5 $11 15. dxe5 Qe7 (15... Qxa2 16. Re3 $17) 16. Ng3 Rb8 17. Rb3 Bd7 18. Qb1 b6 (18... Bh8 $11) 19. Bxh7+ $14 Kh8 20. Bg6 Rbc8 21. Nh5 Na5 22. Rd3 $1 Rc4 {Black wants to play ...Rb4.} 23. Nd4 (23. Rde3 $16) 23... Qc5 $11 24. Qd1 (24. Qb2 $11) 24... Nc6 $15 {[%cal Rc6d4]} 25. Nxg7 Kxg7 (25... Nxd4 $6 26. Qh5 $1 $16 {[%mdl 512]}) 26. Qh5 (26. Nf5+ $15 exf5 27. Rxd5 Qxd5 28. Qxd5) 26... Rc1 $1 $17 {[%cal Rc1e1]} ({Worse is} 26... Nxd4 27. Rg3 $16) ({Much worse is} 26... Rxd4 $6 27. Be4 $1 $11 {[%mdl 512]}) 27. Rxc1 Qxc1+ 28. Rd1 Qg5 (28... Qf4 $1 $17 {[%cal Rf4f2]} 29. Nf3 Nd4 $1 {[%mdl 576] Back Rank}) 29. Nxc6 $40 {[%mdl 128] aiming for Qxg5. White attacks.} Bxc6 30. Qxg5 hxg5 {[%mdl 4096] Endgame KRB-KRB} 31. Bd3 Bb7 32. Rc1 Rc8 ({Black should play} 32... a5 $11) 33. Rxc8 $14 Bxc8 {KB-KB} 34. f3 ({White should try} 34. Kf1 $14) 34... d4 $2 {[%mdl 8192]} (34... Bd7 $11 {and Black is okay.}) 35. Kf2 $18 Bd7 36. Ke2 a5 {[#]} 37. Ba6 $1 b5 $2 (37... Kf7 {is a better chance.} 38. Kd3 Kg7 39. Kxd4 Bc6) 38. Kd3 b4 39. Kxd4 Bc6 40. Bc4 Kf7 41. Kc5 Ba8 42. Kb5 Bd5 43. Bxd5 exd5 44. Kxa5 {Accuracy: White = 52%, Black = 38%.} 1-0

[Event "Hull 4NCL GM Congress 2019"]
[Site "Hull"]
[Date "2019.11.01"]
[Round "5.2"]
[White "Palliser, Richard J D"]
[Black "Plat, Vojtech"]
[Result "0-1"]
[WhiteElo "2413"]
[BlackElo "2573"]
[Annotator "TA"]
[PlyCount "94"]
[EventDate "2019.10.30"]
[EventType "tourn"]
[EventCountry "ENG"]
[SourceTitle "playchess.com"]
[Source "ChessBase"]
[SourceQuality "1"]

{[%evp 9,94,67,76,67,108,99,104,85,92,78,83,54,109,116,113,102,108,105,115,82,77,40,56,58,64,61,66,60,82,50,41,41,40,45,42,42,55,27,60,27,30,0,0,-25,43,39,43,37,35,39,34,50,62,62,62,68,60,72,78,66,79,0,66,24,15,0,26,18,21,9,72,0,0,0,0,0,20,0,0,-31,0,-85,-86,-83,-85,-93,-50]} 1. d4 d6 2. Nf3 Bg4 3. e4 Nd7 4. Nc3 c6 (4... g6 5. h3 Bxf3 6. Qxf3 Bg7 7. Be3 c6 8. g4 e6 9. Bg2 Ne7 10. Qe2 e5 11. O-O-O Qc7 12. f4 exd4 13. Bxd4 Bxd4 14. Rxd4 {1-0 (61) Dragun,K (2609)-Krasenkow,M (2626) Trzcianka 2016}) 5. h3 Bxf3 6. Qxf3 {A41: 1 d4 d6: Tartakower System and Modern Defence} e5 7. Be3 g6 $146 ({Predecessor:} 7... Be7 8. Be2 Ngf6 9. O-O O-O 10. Qg3 b5 11. f4 b4 12. fxe5 dxe5 13. dxe5 bxc3 14. exf6 Bxf6 15. bxc3 Be5 16. Qf2 Qf6 {½-½ (33) Kauch,M (2235)-Aepfler,C (2268) Germany 2006}) 8. dxe5 {White is better.} dxe5 9. O-O-O Qf6 10. Qg4 {[%csl Gd1][%cal Rg4d7]} Qe6 (10... Qe7 $14) 11. Bc4 $16 Qxg4 12. hxg4 Nb6 13. Bb3 Nf6 14. Rh4 h5 15. Rdh1 Rg8 16. g5 Ng4 17. Bd2 $1 Bc5 18. Nd1 Rd8 19. Rf1 Be7 {Strongly threatening ...Rxd2!} 20. Rh3 Rxd2 {[%mdl 64] Remove Defender} 21. Kxd2 Bxg5+ 22. Ke2 Ke7 23. Rd3 Nf6 24. g3 Nbd7 25. f4 Bh6 26. Rdf3 exf4 (26... Nxe4 $11 27. fxe5 Nxe5 28. Rxf7+ Kd8 29. Rxb7 Nxg3+ 30. Ke1 Re8 31. Rb8+ Kd7 $1 {[%mdl 512]} 32. Rxe8 Kxe8) 27. gxf4 $14 Ng4 {next ...Nh2 is good for Black.} 28. Rh3 $36 {[%mdl 2048] White has the initiative.} Nc5 29. Ne3 {aiming for Nxg4.} Nxe3 30. Rxe3 Rd8 31. c3 $1 a5 32. Bc2 Ne6 33. Ref3 f6 34. Bb3 Nc5 35. Bc2 (35. Rg1 $16) 35... h4 ({Better is} 35... Ne6 $11) 36. Rg1 Ne6 37. Rgf1 g5 38. fxg5 Bxg5 {Threatens to win with ...Rd2+.} 39. Bd3 b6 {[#]} (39... h3 $11 {keeps the balance.}) 40. Rf5 (40. e5 $1 $16) 40... Ng7 $11 41. R5f3 {Threatening e5.} Nh5 42. Kf2 Bf4 43. Rd1 Bd6 44. Rf5 Rh8 45. Be2 (45. Rf3 $11) 45... Ng3 $17 {Black is better.} 46. Rf3 Nxe4+ 47. Ke3 Ng3 {Accuracy: White = 41%, Black = 55%.} 0-1

[Event "Hull 4NCL GM Congress 2019"]
[Site "Hull"]
[Date "2019.11.01"]
[Round "5.3"]
[White "Greet, Andrew N"]
[Black "Turner, Matthew J"]
[Result "1/2-1/2"]
[WhiteElo "2414"]
[BlackElo "2519"]
[Annotator "TA"]
[PlyCount "129"]
[EventDate "2019.10.30"]
[EventType "tourn"]
[EventCountry "ENG"]
[SourceTitle "playchess.com"]
[Source "ChessBase"]
[SourceQuality "1"]

{[%evp 13,129,18,29,14,22,21,22,23,29,18,19,18,21,29,17,25,24,23,27,12,17,17,12,13,14,2,0,0,13,13,13,15,14,12,14,9,11,0,7,0,6,3,15,11,15,8,18,0,0,0,4,5,0,-10,19,19,20,20,23,23,22,22,14,8,8,8,10,0,0,0,0,-67,0,0,0,0,0,0,0,0,0,-4,-6,-8,-8,-8,77,38,123,0,0,0,0,0,0,0,0,0,0,0,0,0,0,0,0,0,0,0,0,0,0,0,0,0,0,0,0,0]} 1. d4 d5 2. Nf3 Nf6 3. c4 c6 4. e3 Bg4 5. h3 Bxf3 6. Qxf3 e6 7. Nc3 Nbd7 8. Bd2 {D11: Slav Defence: 3 Nf3 sidelines and 3...Nf6 4 e3 Bg4} (8. Bd3 Bb4 9. O-O O-O 10. Qd1 Re8 11. Bd2 dxc4 12. Bxc4 Qe7 13. a3 Bd6 14. Qc2 Rad8 15. Rfd1 h5 16. b4 h4 {0-1 (35) So,W (2815)-Carlsen,M (2832) chess.com INT 2017}) 8... Be7 9. cxd5 cxd5 10. Bd3 O-O 11. O-O Nb6 12. Rfc1 Rc8 13. Rc2 a6 14. Rac1 Qd7 15. Be1 {[#]} Rc6 $146 ({Predecessor:} 15... Nc4 16. Nxd5 exd5 {½-½ (34) Horvath,J (2490)-Balog,I (2558) Budapest 2018}) 16. Qe2 Rfc8 17. Nb1 Rxc2 18. Rxc2 g6 19. b3 Rxc2 20. Qxc2 Qc8 (20... Nc8 {with more complications.} 21. Nc3 Bb4 22. Qc1 Qc6 23. a3 Be7) 21. f3 Qxc2 22. Bxc2 Nc8 23. Kf1 Na7 24. Ke2 Nc6 25. a3 Ne8 26. Bc3 Nc7 27. Bb2 Kf8 28. Nc3 b5 29. Nd1 Bd6 30. f4 f6 31. Nf2 e5 32. dxe5 fxe5 33. Nd3 {[%cal Rf4e5]} exf4 (33... e4 $5 {[%cal Re4d3]} 34. Nf2 Kf7 $11) 34. exf4 Ne6 35. Ke3 Bc7 36. Bd1 Bb6+ 37. Kd2 Ned4 38. b4 Ke7 39. g4 a5 40. Bxd4 Nxd4 $11 {[%mdl 4096] Endgame KBN-KBN} 41. g5 Nf5 42. Ke2 ({Better is} 42. bxa5 $11 Bxa5+ 43. Nb4) 42... Kd6 ({Black should play} 42... a4 $1 $15 43. Ne1 Ne3) 43. bxa5 Bxa5 44. Kf3 Bc3 45. Kf2 Bd4+ 46. Ke2 Ng3+ 47. Kd2 Ne4+ 48. Kc2 Be3 49. h4 Bc5 (49... Nc5 $11) 50. Nxc5 $16 Kxc5 {[#] KB-KN} 51. h5 ({Only move:} 51. Bg4 $1 $16) 51... Kd4 $11 {The position is equal.} 52. hxg6 hxg6 53. Bf3 {Strongly threatening f5!} Nd6 54. Kb3 Ke3 55. Bxd5 Kxf4 56. Kb4 Kxg5 57. Kc5 Nc4 58. Bxc4 bxc4 59. Kxc4 {[#] Threatening mate with a4. KP-KP} Kf4 (59... Kf6 {feels hotter.} 60. a4 Ke7 61. a5 Kd6 62. a6 Kc6) 60. a4 Ke5 61. a5 {White wants to mate with a6.} Kd6 62. Kd4 Kc6 63. Ke5 Kb5 64. Kf6 Kxa5 65. Kxg6 {Accuracy: White = 60%, Black = 78%.} 1/2-1/2